Quy hoạch tuyến tính Giáo trình hoàn chỉnh: Lí thuyết cơ bản, Phương pháp đơn hình, Bài toán mạng,Thuật toán điểm trong

Spremljeno u:
Bibliografski detalji
Glavni autor: Phan, Quốc Khánh
Daljnji autori: Trần, Huệ Nương
Format: Knjiga
Jezik:Undetermined
Izdano: H. Giáo dục 2003
Teme:
Online pristup:http://lrc.tdmu.edu.vn/opac/search/detail.asp?aID=2&ID=6063
Oznake: Dodaj oznaku
Bez oznaka, Budi prvi tko označuje ovaj zapis!
Thư viện lưu trữ: Trung tâm Học liệu Trường Đại học Thủ Dầu Một
LEADER 00815nam a2200217Ia 4500
001 TDMU_6063
008 210410s9999 xx 000 0 und d
082 |a 512.5 
090 |b PH105 
100 |a Phan, Quốc Khánh 
245 0 |a Quy hoạch tuyến tính 
245 0 |b Giáo trình hoàn chỉnh: Lí thuyết cơ bản, Phương pháp đơn hình, Bài toán mạng,Thuật toán điểm trong 
245 0 |c Phan Quốc Khánh 
260 |a H. 
260 |b Giáo dục 
260 |c 2003 
300 |a 457tr 
650 |a Toán  |x Quy hoạch tuyến tính; Đại số tuyến tính 
700 |a Trần, Huệ Nương 
856 |u http://lrc.tdmu.edu.vn/opac/search/detail.asp?aID=2&ID=6063 
980 |a Trung tâm Học liệu Trường Đại học Thủ Dầu Một